Countries Most Similar To Czechia - Statistics

General Stats
  • This quiz has been taken 214 times
  • The average score is 15 of 20
Answer Stats
Rank Country Score % Correct
1 Slovakia 87.4
99%
2 Poland 83.3
96%
7 Germany 77.6
94%
11 Austria 76.8
92%
4 Croatia 79.6
88%
5 Hungary 78.2
87%
3 Slovenia 81.5
84%
12 Serbia 76.7
83%
9 France 77.1
82%
15 Romania 74.6
77%
16 Italy 73.5
74%
10 Lithuania 77
70%
13 Latvia 76.6
69%
8 Belgium 77.3
68%
14 Bulgaria 76.2
67%
18 Denmark 73.3
67%
19 Spain 73.2
67%
17 Netherlands 73.4
66%
20 Switzerland 73.1
65%
6 Luxembourg 78.1
47%
No matching quizzes found
Score Distribution
Percent of People with Each Score
Percentile by Number Answered
Your Score History
You have not taken this quiz